Statistiques concernant Les joueurs les plus décisifs en coupe du monde

Cliquez ici pour prendre le quiz!

Statistiques générales

  • Ce quiz a été pris 161 fois
  • Le résultat moyen est 5 sur 10

Statistiques - réponses

Nombre de butsNombre de passes décisivesTotalNationalitéNom du joueur% Correct
15520BrésilRonaldo
97%
13619ArgentineMessi
91%
16521AllemagneKlose
88%
12820BrésilPelé
78%
8816ArgentineMaradona
67%
14620AllemagneMüller (Gerd)
21%
10616AllemagneMüller (Thomas)
17%
11415AllemagneKlinsmann
13%
10515PologneLato
7%
9615AllemagneSeeler
1%

Distribution des résultats

Percentile par nombre de réponses

% des personnes avec chaque résultat

Votre développement - résultats

Vous n’avez pas pris ce quiz